000 01084naa a22003137a 4500
001 BR6009668
003 BR-BrBNA
005 20240918173055.0
007 ta
008 230509b bl.||||| |||| 00| 0 por d
040 _aBR-BrBNA
_bpor
_cBiblioteca Nacional de Agricultura
041 _a(En)
072 _aF60; F40
_b1900
_bG514
090 _aF60 BR6009668
100 1 _aMott, G.O.
100 1 _aPopenoe, H.L.
111 1 _aInternational Symposium on Ecophysiology of Tropical Crops
_cManaus, AM (Brazil)
_d25 May 1975
245 1 _aEcophysiology of tropical grasslands [Pastagem; Ecologia; Nutriente; Amazonia; Brasil]
260 3 _aIlheus, BA (Brasil):
_c1975.
500 _aEcophysiology of Tropical Crops Ilheus, BA (Brasil): 1975. p. 63-107 (BR6009668-AM)F60
650 _aFisiologia vegetal
650 _aEcologia vegetal
650 _aPastagem
650 _aNutriente
650 _aAmazonia
773 0 _tEcophysiology of Tropical Crops
_b
_wF60 BR6009668
_gIlheus, BA (Brasil), 1975. p. 63-107
909 _a202404
_bLucia
_c55
_dLucia Elande
942 _cAM
_2AGRIS
999 _c302750
_d302750